000 00746nam a2200241 a 4500
001 50285
003 BD-RjUL
005 20211209075503.0
008 160824s1924 nyua 001 0beng
035 _a(BD-RjUL)50405
040 _aDLC
_cCarP
_dBD-RjUL
_beng
041 _aeng
082 _223
_bHAD 1936
_a371.3
100 1 _aHamaide, Amelie
_9150705
245 1 4 _aThe Decroly class :
_ba contribution to elementary education /
260 _aNew York :
_bE. P. Dutton & company,
_c1925 [ Reprinted 1936 ]
300 _axxviii,318 p. :
_bill. ;
_c20 cm.
504 _aIncludes index and bibliography.
600 1 0 _aDecroly, Ovide,
_d1871-1932.
_9150706
650 0 _aEducation.
_9150707
700 1 _aHunt, Jean Lee.
_9150708
942 _2ddc
_cBK
999 _c50285
_d50285